| 000 | 01510nam a2200241 i 4500 | ||
|---|---|---|---|
| 001 | BPP | ||
| 003 | BPK | ||
| 005 | 20190606151712.0 | ||
| 008 | 140528s1981 pl f |000 0 pol | ||
| 040 | _cBPK | ||
| 080 | _a621.922/.924 | ||
| 080 | _a666 | ||
| 100 |
_aKACALAK, Wojciech. _d1970 - 1996. _bWyższa Szkoła Inżynierska w Koszalinie - Instytut Budowy Maszyn, _cZakład Obrabiarek i Obróbki Skrawaniem |
||
| 245 |
_aKompleksowa optymalizacja procesów gładkościowej obróbki ściernej : szlifowania, docierania i polerowania powierzchni płaskich w elementach z ceramiki korundowej / _cWojciech Kacalak, Zdzisław Pluta, Kazimierz Woźniak. |
||
| 260 |
_aKoszalin, _c1981. |
||
| 500 | _aDane z autopsji. | ||
| 520 | _aPrzedstawiono szczegółową dokumentację konstrukcyjną wykonania uchwytów do mechanicznego mocowania pakietów płytek ceramicznych oraz uchwytów podciśnieniowych. Przedstawiono również koncepcję urządzenia w wersji produkcyjnej do wzajemnego docierania płytek ceramicznych, umożliwiającego jednoczesną obróbkę kilkudziesięciu, a nawet kilkuset takich elementów. | ||
| 650 | 0 | _aCeramika. | |
| 650 | 0 | _aSzlifowanie | |
| 700 |
_aWOŹNIAK, Kazimierz. _d1980 - 1989. _bWyższa Szkoła Inżynierska w Koszalinie - Instytut Budowy Maszyn, _cZakład Technologii Maszyn |
||
| 700 |
_aPLUTA, Zdzisław. _d1973 - 1996. _bWyższa Szkoła Inżynierska w Koszalinie - Instytut Budowy Maszyn, _cZakład Obrabiarek i Obróbki Skrawaniem |
||
| 942 |
_cMN _2UKD |
||
| 999 |
_c2128 _d2128 |
||